000 00812nas a2200253 4500
001 BR2014001926
003 BR-BrBNA
005 20231205123841.0
007 ta
008 230509b bl.|||p| |||| 00| 00por d
040 _aBR-BrBNA
_bpor
_cBiblioteca Nacional de Agricultura
041 _a(En)
072 _aL40
100 1 _aCardoso, J.T.
100 1 _aLazzari, S.M.N.
100 1 _aCarvalho, R.C.Z. de
245 1 _aSitobion graminis Takahashi, 1950 (Hemiptera, Aphididae)- first record in Brazil, biological and morphometric parameters
650 _aPULGÃO
650 _aGRAMINEA
650 _aNINFA
773 0 _tRevista Brasileira de Entomologia (Brazil)
_xISSN 0085-5626
_g(Jan-Mar 2006), v. 50(1) p. 115-118
_wBR2014001926
909 _a202311
_bLúcia
_c55
_dLúcia Elande
942 _2AGRIS
_n0
_cANA
999 _c236022
_d236022